|
|
|
|
| LEADER |
00000nam a22000007a 4500 |
| 005 |
20200720233855.0 |
| 007 |
cr|||| |||| |
| 008 |
200720s2018 co |||||s|||| 00||0 spa d |
| 020 |
|
|
|a 978-958-665-478-4
|
| 035 |
|
|
|a 31836
|
| 040 |
|
|
|a vLex
|
| 090 |
|
|
|c 10659
|d 10659
|
| 100 |
1 |
|
|a Engle, Karen
|
| 245 |
1 |
2 |
|a El desarrollo indg̕ena, una promesa esquiva
|h [Recurso electrn̤ico] :
|b derechos, cultura, estrategia /
|c Karen Engle
|
| 256 |
|
|
|a Servicio en ln̕ea
|
| 260 |
|
|
|a Bogot:̀
|b Universidad de Los Andes (Colombia),
|c 2018
|
| 300 |
|
|
|a 1 recurso electrn̤ico
|
| 506 |
1 |
|
|a Disponible solo en los productos indicados
|d vLex Global
|d vLex Global (Academic Edition, excluding Law Schools)
|d vLex Global (U.S. Academic Edition, Law Schools)
|d vLex Global (U.S. Academic Edition, excluding Law Schools)
|d vLex Global (Academic Edition, Law Schools)
|
| 650 |
0 |
4 |
|a Derecho Pb︢lico y Administrativo
|z Colombia
|
| 650 |
0 |
4 |
|a Derecho Internacional
|z Colombia
|
| 740 |
0 |
|
|a vLex Libros (Servicio en ln̕ea)
|
| 856 |
4 |
0 |
|u http://vlex.com/source/desarrollo-indigena-promesa-esquiva-derechos-cultura-estrategia-31836
|z Acceso restringido
|
| 942 |
|
|
|c BOOK
|
| 999 |
0 |
|
|a Public and Administrative Law
|
| 999 |
0 |
|
|a International Law
|